Statistics for British snacks and sweets!!

Click here to take the quiz!

General Stats

  • This quiz has been taken 304 times
  • The average score is 7 of 11

Answer Stats

HintAnswer% Correct
Black cookie with white fillingOreo
94%
Biscuit filled with jam with a heart cut outJammy dodger
90%
British version of laysWalkers
79%
Two or four chocolate fingers, connected in the middleKitkat
70%
"your not you when your hungry"Snickers
65%
Biscuits in the shape of a donut, with coloured striped icingParty rings
62%
Small, chocolate pellets with a hard, coloured coatingSmarties
57%
Sour sweets served in a little nuclear binToxic waste
57%
Crispy, light ball covered I chocolateMalteser
52%
Packet of sherbet, with an edible stickDip dab
37%
Small coloured balls which change colour and get smallerGobstoppers
26%

Score Distribution

Percentile by Number Answered

Percent of People with Each Score

Your Score History

You have not taken this quiz